LEADER 03030nam a2200457 a 4500 001 000000126032 003 CaOOAMICUS 005 20110715131550.0 008 110715s2011 it fh u000 u ita r 020 $z978-88-7016727-6* 040 $aPUL$bita 041 0 $aita$afre$hfre 082 04$a284.2 100 1 $aCalvin, Jean,$d1509-1564.$0(OLS)http://pul/name/11785 245 13$aLa divina predestinazione /$cGiovanni Calvino ; a cura di Laura Ronchi De Michelis. 260 $aTorino :$bClaudiana,$c©2011. 300 $a557 p., [4] c. di tav. :$bfacs. ;$c21 cm. 490 1 $aOpere scelte ;$v03 504 $aComprende riferimenti bibliografici ed indice. 505 0 $aCatechismo di Ginevra (1537, brani scelti). -- Congregazione tenuta nella chiesa di Ginevra nella quale si è trattato il tema dell'elezione eterna di Dio (1562). -- Della predestinazione eterna di Dio, con la quale egli elegge alcuni uomini per la salvezza, altri li abbandona alla loro perdizione. Inoltre della provvidenza, con la quale egli governa le vicende umane (1552) / a cura di Giorgio Tourn e Franco Ronchi. 546 $aTraduzione italiana con testo francese a fronte. 650 4$aTeologia dogmatica.$0(OLS)http://pul/subject/663 700 1 $aTourn, Giorgio,$d1930-$0(OLS)http://pul/name/12642 700 1 $aRonchi De Michelis, Laura.$0(OLS)http://pul/name/35441 740 02$aCatechismo di Ginevra (1537, brani scelti) 740 02$aCongregazione tenuta nella chiesa di Ginevra nella quale si è trattato il tema dell'elezione eterna di Dio (1562) 740 02$aDella predestinazione eterna di Dio, con la quale egli elegge alcuni uomini per la salvezza, altri li abbandona alla loro perdizione. Inoltre della provvidenza, con la quale egli governa le vicende umane (1552) 800 1 $aCalvin, Jean,$d1509-1564.$tOpere scelte ;$v03.$0(OLS)http://pul/nameTitle/1102$0(OLS)http://pul/name/11785$0(OLS)http://pul/title/139355 850 $aPUL 852 $aPUL$W1$xSL Religione 3$y85$m284. 2 CALGI 1.3$j145213$qDDC 21$B144218$CPULBib$Z2$F144218 $H117610 $82 900 $aCalvino, Giovanni,$d1509-1564$911785 900 $aCalvino, Giovanni,$d1509-1564$911785 941 1 $a9 996 $6020$z978-88-7016727-6*$9(OLS)http://pul/number/147781 996 $6082$a284.2$9(OLS)http://pul/classification/445 996 $6245$aLa divina predestinazione$9(OLS)http://pul/title/159097 996 $6740$aCongregazione tenuta nella chiesa di Ginevra nella quale si è trattato il tema dell'elezione eterna di Dio (1562)$9(OLS)http://pul/title/159103 996 $6740$aDella predestinazione eterna di Dio, con la quale egli elegge alcuni uomini per la salvezza, altri li abbandona alla loro perdizione. Inoltre della provvidenza, con la quale egli governa le vicende umane (1552)$9(OLS)http://pul/title/159105 996 $6740$aCatechismo di Ginevra (1537, brani scelti)$9(OLS)http://pul/title/159102 996 $6260$aTorino :$bClaudiana$9(OLS)http://pul/publisher/48072 LEADER 01293nam a2200325 a 4500 001 000000141105 003 CaOOAMICUS 005 20150113094117.0 008 150113s2012 it u001 u ita r 020 $a978-88-207-5477-8 040 $aPUL$bita 041 1 $aita$alat$hlat 245 00$aLiber Monstrorum :$b(secolo IX) /$cintroduzione, edizione critica, traduzione, note e commento a cura di Franco Porsia. 260 $aNapoli :$bLiguori,$c©2012. 300 $a443 p. ;$c24 cm 490 1 $aBiblioteca 490 1 $aNuovo Medioevo ;$v88 504 $aBibliografia in nota. 546 $aTesto latino a fronte. 650 4$aLetteratura medievale.$0(OLS)http://pul/subject/3725 700 1 $aPorsia, Franco.$0(OLS)http://pul/name/90861 830 0$aBiblioteca (Liguori editore).$0(OLS)http://pul/title/39222 830 0$aNuovo Medioevo ;$v88.$0(OLS)http://pul/title/338 850 $aPUL 852 $aPUL$W1$xSL Filosofia 1$y2$m110(1) E 88$j162879$qStampati$B162620$CPULBib$Z2$F162620 $H125197 $82 941 1 $a8 996 $6020$a978-88-207-5477-8$9(OLS)http://pul/number/156678 996 $6245$aLiber Monstrorum :$b(secolo IX)$9(OLS)http://pul/title/178565 996 $6260$aNapoli :$bLiguori$9(OLS)http://pul/publisher/48007